00357nam a2200109Ia 450000500170000000800410001710000310005824500950008926000360018430000110022065000160023120260326100025.0260326s9999||||xx |||||||||||||| ||und|| aSolaguren Beascoa, Félix 0aArne Jacobsen :b Aproximación a la Obra completa 1926-1949 /cFélix Solaguren Beascoa bFundación Caja de Arquitectos a203 p. aARQUITECTOS